<?xml version="1.0" encoding="UTF-8"?>
<record
    xmlns:xsi="http://www.w3.org/2001/XMLSchema-instance"
    xsi:schemaLocation="http://www.loc.gov/MARC21/slim http://www.loc.gov/standards/marcxml/schema/MARC21slim.xsd"
    xmlns="http://www.loc.gov/MARC21/slim">

  <leader>01383nab a2200205uuc4500</leader>
  <controlfield tag="001">1233794</controlfield>
  <controlfield tag="005">20240202101612.0</controlfield>
  <controlfield tag="008">110301e20081001                    spa  </controlfield>
  <datafield tag="035" ind1=" " ind2=" ">
    <subfield code="a">1233794</subfield>
  </datafield>
  <datafield tag="035" ind1=" " ind2=" ">
    <subfield code="a">(OCoLC)820576947</subfield>
  </datafield>
  <datafield tag="040" ind1=" " ind2=" ">
    <subfield code="c">comduadb</subfield>
  </datafield>
  <datafield tag="041" ind1=" " ind2=" ">
    <subfield code="a">spa</subfield>
  </datafield>
  <datafield tag="100" ind1=" " ind2="0">
    <subfield code="a">Held, Klaus,</subfield>
    <subfield code="d">1936-</subfield>
    <subfield code="4">aut</subfield>
    <subfield code="0">(viaf)100874973</subfield>
    <subfield code="e">aut</subfield>
    <subfield code="9">499175</subfield>
  </datafield>
  <datafield tag="245" ind1="1" ind2="3">
    <subfield code="a">La &#xFA;ltima pregunta directriz de Heidegger : &#xBF;hay a&#xFA;n hoy tierra natal?</subfield>
  </datafield>
  <datafield tag="520" ind1="3" ind2=" ">
    <subfield code="a">RESUMEN : La frase final del &#xFA;ltimo texto manuscrito de Heidegger, redactado en 1976 pocos d&#xED;as antes de su muerte, reza: "...es necesario meditar "Si" y "c&#xF3;mo", en la &#xE9;poca de la civilizaci&#xF3;n mundial tecnificada y uniforme, puede haber a&#xFA;n tierra natal". Me propongo aqu&#xED; reflexionar a fondo en torno a esto, adviertiendo que no es suficiente participar, discutiendo o negociando, en la controversia acerca de los pro y contra de la globalizaci&#xF3;n, sino que es necesario detenerse y meditar. Doy un primer paso en esta "meditaci&#xF3;n", reflexionando acerca de la relaci&#xF3;n en la que est&#xE1;n los muchos lmundos de las culturas tradicionales con el &#xFA;nico mundo de la humanidad globalizada.</subfield>
  </datafield>
  <datafield tag="650" ind1=" " ind2=" ">
    <subfield code="a">Heidegger, Martin, 1889-1976 - Cr&#xED;tica e interpretaci&#xF3;n</subfield>
    <subfield code="9">72536</subfield>
  </datafield>
  <datafield tag="650" ind1=" " ind2=" ">
    <subfield code="a">Mundo</subfield>
    <subfield code="9">26804</subfield>
  </datafield>
  <datafield tag="773" ind1="0" ind2=" ">
    <subfield code="t">Anuario Colombiano de Fenomenolog&#xED;a</subfield>
    <subfield code="g">Vol. 02, Oct. 2008, p. 115-127</subfield>
    <subfield code="w">1233642</subfield>
    <subfield code="x">2027-0208</subfield>
    <subfield code="0">573921</subfield>
  </datafield>
  <datafield tag="942" ind1=" " ind2=" ">
    <subfield code="c">ARIMP</subfield>
  </datafield>
  <datafield tag="999" ind1=" " ind2=" ">
    <subfield code="c">579003</subfield>
    <subfield code="d">579003</subfield>
  </datafield>
</record>
